000 00622nam a22002417a 4500
003 UA-OsUOA
001 33245
007 ta
008 20050210b un ||||| |||| 00| 0 ukr d
100 _aМухіна Марина
090 _a94(477).075(092)
_bМ92
942 _cBK
040 _aUA-OsUOA
_bukr
_cUA-OsUOA
_dUA-OsUOA
245 _aУпокорення голодом
300 _a312 с.
955 _a0
041 _aukr
080 _a94(477).075(092)
020 _a5-7707-0534-2
260 _aКиїв
_bІнститут української археографії
_c1993
044 _aUA
650 7 _2UDC
999 _c319707
_d319707